00890nam a2200241 i 4500003000900000005001700009006001900026007000300045008004100048040003000089082001400119110005400133245007600187264007200263300002700335336002700362337003300389338002800422590002700450942001400477952014000491999001700631DO-SdBNP20240517134219.0a||||gr|||| 00| 0 ta240517e1946 dr ||||| l||| 00| 0 spa d aDO-SdBNPbspacBNPHUerda 4222bR426u1 aRepública Dominicana.bCongreso Nacional91650113aUn proyecto de Ley trascedental y su mensaje - exposición de motivos. aCiudad Trujillo, República Dominicana :bCongreso Nacional,c1946 a58 páginas ;c22 cm. 2rdacontentatextobtxt 2rdamediaasin mediaciónbn 2rdacarrieravolumenbnc aInventariado 2024 / MF 2ddccLBS1 00102ddc51708PDaBNPHUbBNPHUcCTd2013-05-17eDonado por la familia Reyes Dulucl0oR426up2024-3023r2024-05-17w2024-05-17yLBS1 c56690d56690